| 000 | 00677nam a2200241 i 4500 | ||
|---|---|---|---|
| 001 | 82069 | ||
| 003 | ES-MaACL | ||
| 005 | 20241011170549.0 | ||
| 007 | t| | ||
| 008 | 041122s1982 sp ||||1| spa d | ||
| 017 | _aB 38135-1982 | ||
| 020 | _a84-233-1228-3 | ||
| 100 | 1 |
_aCano, José Luis, _d1912-1999 _934532 |
|
| 245 | 1 | 0 |
_aAntonio Machado / _cJosé Luis Cano. |
| 250 | _a1ª ed. | ||
| 260 |
_aBarcelona : _bDestino, _c1982. |
||
| 300 |
_a225 p. ; _c18 cm. |
||
| 490 | 1 |
_aDestinolibro ; _v188 |
|
| 600 | 1 | 4 |
_aMachado, Antonio, _d1875-1939 _975151 |
| 830 | 0 |
_aDestinolibro _v188 _9178615 |
|
| 852 |
_aES-MaACL _jE-10455 _bR.134575 |
||
| 999 |
_c82069 _d82069 |
||